Kong xue lun ji,
Disimpan dalam:
| Pengarang-pengarang Lain: | |
|---|---|
| Format: | Buku |
| Bahasa: | Chinese |
| Diterbitkan: |
Taibei,
Zhonghua wen hua chu ban shi ye wei yuan hui,
Min guo 46 [1957]
|
| Siri: | Xian dai guo min ji ben zhi shi cong shu ;
di 5 ji. |
| Subjek-subjek: | |
| Penanda-penanda: |
Tambah Penanda
Tiada Penanda, Jadilah orang pertama menanda rekod ini!
|
| LEADER | 01047cam a2200277 4500 | ||
|---|---|---|---|
| 001 | 007724152-5 | ||
| 005 | 20024617104250.0 | ||
| 008 | 881209s1957 ch 000 0 chi | ||
| 010 | |a c 59001688 /L/r | ||
| 035 | 0 | |a ocm18882559 | |
| 040 | |a DLC |c NNStJ |d OCoLC |d *YNH* |d CStRLIN | ||
| 050 | 0 | |a BL1851 |b .K85 | |
| 245 | 0 | 0 | |6 880-01 |a Kong xue lun ji, |c Chen Daqi deng zhu. |
| 260 | |6 880-02 |a Taibei, |b Zhonghua wen hua chu ban shi ye wei yuan hui, |c Min guo 46 [1957] | ||
| 300 | |a 2 v. |c 19 cm. | ||
| 490 | 1 | |6 880-03 |a Xian dai guo min ji ben zhi shi cong shu ; |v di 5 ji | |
| 650 | 0 | |a Confucianism. | |
| 700 | 1 | |6 880-04 |a Chen, Daqi, |d 1886- | |
| 880 | 0 | 0 | |6 245-01 |a 孔學論集, |c 陳大齊等著. |
| 880 | |6 260-02 |a 臺北, |b 中華文化出版事業委員會, |c 民國46 [1957] | ||
| 880 | 1 | |6 490-03 |a 現代國民基本知識叢書 ; |v 第5輯 | |
| 880 | 1 | |6 700-04 |a 陳大齊, |d 1886- | |
| 830 | 0 | |6 880-53 |a Xian dai guo min ji ben zhi shi cong shu ; |v di 5 ji. | |
| 880 | 0 | |6 830-53 |a 現代國民基本知識叢書 ; |v 第5輯. | |
| 988 | |a 20021127 | ||
| 906 | |0 DLC | ||


